00919nam a2200229 i 450000100060000000300090000600500170001500700030003200800410003502000180007604000220009408000210011610000440013724501530018126000680033430000260040253400760042865100490050470000390055371000640059285200330065615957ES-MaACL20250820063021.0t|000529s1997 sp ||||0| spa j a84-7846-710-6 aM-BN bspa cM-BN a946.0"1598/1621"1 aCabrera de Córdoba, Luis, d1559-162310aRelaciones de las cosas sucedidas en la Corte de España desde 1599 hasta 1614 / cLuis Cabrera de Córdoba ; prefacio, Ricardo García Cárcel. a[Valladolid] : bConsejería de Educación y Cultura, c1997. a42, 655 p. ; c29 cm. pReprod. de la ed. de: c-- Madrid: Imp. de J. Martín Alegría, 1857. 4aEspaña-xHistoria-y1598-1621, Felipe III.0 aGarcía Cárcel, Ricardo,d1948-1 aCastilla y León. bConsejería de Educación y Cultura. aES-MaACLjL-23185 bR.128300